000 00616nam a22002057a 4500
003 0
005 20230824114140.0
008 230824b xxu||||| |||| 00| 0 eng d
020 _a978-971-9655-03-9
050 _aQA 76.9
_b.Ab23 2022
100 _aAbante, Marmelo
245 _aInformation assurance and security 1&2
_cMarmelo Abante
260 _aManila
_bMindshapers Co., Inc.
_cc2022.
300 _avi, 520 pages ;
_bill. :
_c26 cm.
500 _aComputer security.
504 _aIncludes bibliographical references.
650 _aComputer security.
650 _aData protection.
942 _2lcc
_cBK
999 _c365208
_d365208